书目信息 |
| 题名: |
WTO理论与实务
|
|
| 作者: | 白津夫 主编 | |
| 分册: | ||
| 出版信息: | 北京 中国城市出版社 2004.06 |
|
| 页数: | [10], 384页 | |
| 开本: | 21cm | |
| 丛书名: | ||
| 单 册: | ||
| 中图分类: | F743 | |
| 科图分类: | ||
| 主题词: | 世界贸易组织--规划--基本知识 | |
| 电子资源: | ||
| ISBN: | 7-5074-1414-0 | |
| 000 | 00798nam0 2200229 450 | |
| 001 | 192004003960 | |
| 005 | 20070905152122.03 | |
| 010 | @a7-5074-1414-0@dCNY16.20 | |
| 100 | @a20070602d2004 em y0chiy0121 ea | |
| 101 | 0 | @achi |
| 102 | @aCN@b110000 | |
| 105 | @ay z 000yy | |
| 200 | 1 | @aWTO理论与实务@AWTO li lun yu shi wu@f白津夫主编 |
| 210 | @a北京@c中国城市出版社@d2004.06 | |
| 215 | @a[10], 384页@d21cm | |
| 330 | @a本书内容包括概述、最惠国待遇原则、国民待遇原则、关税减让原则、禁止一般数量限制原则、实施卫生与植物卫生原则、WTO与农业等。 | |
| 333 | @a本书既用于自学,又可供党校、行政学院、高等院校等成人高等教育有关专业作为教材使用。 | |
| 606 | 0 | @a世界贸易组织@x规划@x基本知识 |
| 690 | @aF743@v4 | |
| 701 | 0 | @a白津夫@Abai jin fu@4主编 |
| 801 | 0 | @aCN@c20070905 |
| 905 | @dF743@eB121 | |
| WTO理论与实务/白津夫主编.-北京:中国城市出版社,2004.06 |
| [10], 384页;21cm |
| 使用对象:本书既用于自学,又可供党校、行政学院、高等院校等成人高等教育有关专业作为教材使用。 |
| ISBN 7-5074-1414-0:CNY16.20 |
| 本书内容包括概述、最惠国待遇原则、国民待遇原则、关税减让原则、禁止一般数量限制原则、实施卫生与植物卫生原则、WTO与农业等。 |
| ● |
| 相关链接 |
|
|
|
正题名:WTO理论与实务
索取号:F743/B121
 
预约/预借
| 序号 | 登录号 | 条形码 | 馆藏地/架位号 | 状态 | 备注 |
| 1 | 625697 | 206256978 | 社科库409/409社科库 48排3列5层/ [索取号:F743/B121] | 在馆 | |
| 2 | 625698 | 206256987 | 社科库409/409社科库 48排3列5层/ [索取号:F743/B121] | 在馆 |